logo

MARIA LUISA DE PARMA LOS AMORES DE LA ESPOSA DE CARLOS IV | JEFES DE ETA LOS (DUPLICADO EJEMPLAR) (Record no. 35803)

MARC details
000 -CABECERA
campo de control de longitud fija 00813nam a2200313Ia 4500
001 - NÚMERO DE CONTROL
campo de control 28475
005 - FECHA Y HORA DE LA ÚLTIMA TRANSACCIÓN
campo de control 20260407082723.0
008 - CÓDIGOS DE INFORMACIÓN DE LONGITUD FIJA
campo de control de longitud fija 260115s9999 xx 000 0 und d
010 ## - NÚMERO DE CONTROL DE LA BIBLIOTECA DEL CONGRESO
Número de control de LC 35803
035 ## - NÚMERO DE CONTROL DEL SISTEMA
Número de control de sistema 18738
090 ## - LOCALMENTE ASIGNADO TIPO-LC NÚMERO DE CLASIFICACIÓN (OCLC); NÚMERO DE CLASIFICACIÓN LOCAL (RLIN)
Número de clasificación (OCLC) (R) ; Numero de clasificación CALL (RLIN) (NR) 929
001 - NÚMERO DE CONTROL
campo de control 26166
008 - CÓDIGOS DE INFORMACIÓN DE LONGITUD FIJA
campo de control de longitud fija 260115s9999 xx 000 0 und d
035 ## - NÚMERO DE CONTROL DEL SISTEMA
Número de control de sistema 17560
090 ## - LOCALMENTE ASIGNADO TIPO-LC NÚMERO DE CLASIFICACIÓN (OCLC); NÚMERO DE CLASIFICACIÓN LOCAL (RLIN)
Número de clasificación (OCLC) (R) ; Numero de clasificación CALL (RLIN) (NR) 323.282
100 ## - PUNTO DE ACCESO PRINCIPAL - NOMBRE DE PERSONA
Nombre de persona GUELL CARMEN
100 ## - PUNTO DE ACCESO PRINCIPAL - NOMBRE DE PERSONA
Nombre de persona GURRUCHAGA CARMEN Y OTRA
245 #0 - MENCIÓN DE TÍTULO
Título MARIA LUISA DE PARMA LOS AMORES DE LA ESPOSA DE CARLOS IV
260 ## - PUBLICACIÓN, DISTRIBUCIÓN, ETC. (PIE DE IMPRENTA)
Nombre del editor distribuidor etc. LA ESFERA DE LOS LIBROS
Fecha de publicación distribución etc. 2003
245 #0 - MENCIÓN DE TÍTULO
Título JEFES DE ETA LOS (DUPLICADO EJEMPLAR)
260 ## - PUBLICACIÓN, DISTRIBUCIÓN, ETC. (PIE DE IMPRENTA)
Nombre del editor distribuidor etc. LA ESFERA DE LOS LIBROS
Fecha de publicación distribución etc. 2001
300 ## - DESCRIPCIÓN FÍSICA
Dimensiones 25 CM
300 ## - DESCRIPCIÓN FÍSICA
Dimensiones 25 CM
630 ## - PUNTO DE ACCESO ADICIONAL DE MATERIA--TÍTULO UNIFORME
Título uniforme HISTORIA
650 ## - PUNTO DE ACCESO ADICIONAL DE MATERIA--TÉRMINO DE MATERIA
Término de materia o nombre geográfico como elemento inicial BIOGRAFIA
630 ## - PUNTO DE ACCESO ADICIONAL DE MATERIA--TÍTULO UNIFORME
Título uniforme TERRORISMO.POLITICA
650 ## - PUNTO DE ACCESO ADICIONAL DE MATERIA--TÉRMINO DE MATERIA
Término de materia o nombre geográfico como elemento inicial TERRORISMO POLITICO
942 ## - ELEMENTOS DE PUNTO DE ACCESO ADICIONAL (KOHA)
Tipo de ítem Koha Monografías
Holdings
Estado de retiro Estado de pérdida Estado dañado No para préstamo Código de colección Localización permanente Ubicación/localización actual Fecha de adquisición Total de préstamos Signatura topográfica completa Código de barras Fecha visto por última vez Número de copia Precio válido a partir de Tipo de ítem Koha Nota pública
          Servicio de Estudios Históricos Servicio de Estudios Históricos 13/11/2003   929 25201 05/02/2026 1 05/02/2026 Monografías 25 CM, 260 PG, 20,00€ MADRID
          Servicio de Estudios Históricos Servicio de Estudios Históricos     323.282 23814 05/02/2026 2 05/02/2026 Monografías 24 CTMS. 365 PAGS. 2900 PTAS (17´43 E).MADRID